000 00317nam a22001337a 4500
008 181008b xxu||||| |||| 00| 0 eng d
020 _a9780781742542
041 _aeng
080 _a610.73
100 _a1
101 _aINF
245 _aMaternity, Newborn, & Women's Health Nursing
_cWilliams,L
942 _2udc
_cBK
999 _c49033
_d49033